| 000 | 00351cam a2200157ua 4500 | ||
|---|---|---|---|
| 003 | OSt | ||
| 008 | 231204b |||||||| |||| 00| 0 eng d | ||
| 041 | _ahin | ||
| 082 |
_a891.54 _bVIP/YA |
||
| 100 |
_aYashpal, . _95734 |
||
| 245 | _aDivya / | ||
| 250 | _a7 / | ||
| 260 |
_aLucknow : _bViplav Karyalay , _c1961. |
||
| 300 | _a221 ; . | ||
| 942 | _cBK | ||
| 999 |
_c4089 _d4089 |
||